II Mesa Redonda de la Red Latinoamericana de Agroindustria de Frutas Tropicales

Saved in:
Bibliografiske detaljer
Corporate Authors: Federación Nacional de Cafeteros de Colombia. Programa de Desarrollo y Diversificacion (Author), FAO. Oficina Regional para America (Author)
Format: Bog
Sprog:spansk
Udgivet: Bogotá Presencia 1985
Fag:
Tags: Tilføj Tag
Ingen Tags, Vær først til at tagge denne postø!

MARC

LEADER 00000nam a2200000 a 4500
001 UCV7279
003 CL-VaPUC
005 20200123181605.0
008 901004e19850000ck 1 spa d
082 0 4 |a 634.6  |b FED  |2 21 
110 2 |a Federación Nacional de Cafeteros de Colombia. Programa de Desarrollo y Diversificacion  |e author  |9 616619 
710 2 |a FAO. Oficina Regional para America  |e author  |9 616620 
245 1 0 |a II Mesa Redonda de la Red Latinoamericana de Agroindustria de Frutas Tropicales 
260 |a Bogotá  |b Presencia  |c 1985 
300 |a 325 p 
583 |a last modification  |c 19901004 00:00:00  |k Rodrigo Vera 
650 0 7 |a FRUTAS TROPICALES CONGRESOS  |2 CL-VaPUC  |9 264503 
942 |c BK 
945 |a mfernand  |d 19901004 00:00:00 
546 |a En Español 
518 |p Mesa Redonda de la Red Latinoamericana de Agroindustria de Frutas Tropicales, 2, Manizales, Colombia, 1985 
999 |c 382033  |d 382031